Великая война 1914-1918 гг. и Кавказ (Запись № 11267332)

Подробности
000 -МАРКЕР
контрольное поле 02370nam0a2200373 4500
001 - ИДЕНТИФИКАТОР ЗАПИСИ
контрольное поле RU\NLR\BIBL_A\011355093
005 - ИДЕНТИФИКАТОР ВЕРСИИ
контрольное поле 20260407095144.0
021 ## - НОМЕР ГОСУДАРСТВЕННОЙ РЕГИСТРАЦИИ
Код страны Российская Федерация
Номер 2017-13633
Номер Листа государственной регистраци 1002
035 ## - ДРУГИЕ СИСТЕМНЫЕ НОМЕРА
Идентификатор записи (RuMoRGB)008807849
035 ## - ДРУГИЕ СИСТЕМНЫЕ НОМЕРА
Идентификатор записи (NLR Aleph) 011355093
100 ## - ДАННЫЕ ОБЩЕЙ ОБРАБОТКИ
Данные общей обработки 20170329d2016 k y0rusy50 ca
101 0# - ЯЗЫК РЕСУРСА
Язык текста, звукозаписи и т.д. русский
-- английский
Язык резюме английский
Язык оглавления русский
-- английский
102 ## - СТРАНА ПУБЛИКАЦИИ ИЛИ ПРОИЗВОДСТВА
Страна публикации Российская Федерация
105 ## - ПОЛЕ КОДИРОВАННЫХ ДАННЫХ: ТЕКСТОВЫЕ МАТЕРИАЛЫ, МОНОГРАФИЧЕСКИЕ
Кодированные данные о монографическом текстовом документе y z 000zy
200 1# - ЗАГЛАВИЕ И СВЕДЕНИЯ ОБ ОТВЕТСТВЕННОСТИ
Основное заглавие Великая война 1914-1918 гг. и Кавказ
Сведения, относящиеся к заглавию The Great War of 1914-1918 and the Caucasus
-- сборник статей, посвященный 85-летию Дагестанского государственного университета
Первые сведения об ответственности Дагестанский государственный университет, Университет "Ла Сапиенца" (Италия)
Последующие сведения об ответственности [редакционная коллегия: ... Н. Н. Гарунова (отв. ред.), профессор Э.Г. Зульпукарова]
Язык параллельного заглавия английский
210 ## - ПУБЛИКАЦИЯ, РАСПРОСТРАНЕНИЕ И ДР.
Место издания, распространения и т.д. Махачкала
Имя издателя, распространителя и т. д. Изд-во ДГУ
Дата издания, распространения и т.д. 2016
215 ## - ФИЗИЧЕСКАЯ ХАРАКТЕРИСТИКА
Специфическое обозначение материала и объем 374 с.
Размеры 21
300 ## - ОБЩИЕ ПРИМЕЧАНИЯ
Текст примечания Часть текста и рез. на англ. яз.
320 ## - ПРИМЕЧАНИЯ О НАЛИЧИИ В ДОКУМЕНТЕ БИБЛИОГРАФИИ / УКАЗАТЕЛЯ
Текст примечания Библиогр. в конце ст.
510 1# - ПАРАЛЛЕЛЬНОЕ ЗАГЛАВИЕ
Параллельное заглавие Great War of 1914-1918 and the Caucasus
Язык заглавия английский
606 ## - НАИМЕНОВАНИЕ ТЕМЫ КАК ПРЕДМЕТ
Наименование темы Военная наука. Военное дело -- История войн, военной науки и военного искусства -- Россия -- Период капитализма (1861-1917) -- Участие России в первой мировой войне (1914-1917) -- Кавказ -- Материалы конференции
Код системы rubbk
606 1# - НАИМЕНОВАНИЕ ТЕМЫ КАК ПРЕДМЕТ
Наименование темы Первая мировая война
Формальный подзаголовок Сборники
Географический подзаголовок Кавказ
Хронологический подзаголовок 1914 - 1918
Системный номер авторитетной/нормативной записи 2322703
Идентификатор авторитетной/нормативной записи RU\NLR\AUTH\6601614182
686 ## - ИНДЕКСЫ ДРУГИХ КЛАССИФИКАЦИЙ
Индекс Ц35(2)523(24)я431
Код системы
686 1# - ИНДЕКСЫ ДРУГИХ КЛАССИФИКАЦИЙ
Индекс Ц35(2)523я43
702 #1 - ИМЯ ЛИЦА - ВТОРИЧНАЯ ОТВЕТСТВЕННОСТЬ
Начальный элемент ввода Гарунова
Часть имени, кроме начального элемента ввода Н.Н.
Даты 1966-
Расширение инициалов личного имени Нина Нурмагомедовна
Код отношения Редактор
712 02 - НАИМЕНОВАНИЕ ОРГАНИЗАЦИИ - ВТОРИЧНАЯ ОТВЕТСТВЕННОСТЬ
Код отношения Прочие
Начальный элемент ввода Дагестанский государственный университет
Идентифицирующий признак Махачкала
Системный номер авторитетной/нормативной записи 339977
Идентификатор авторитетной/нормативной записи RU\NLR\AUTH\889921960
712 02 - НАИМЕНОВАНИЕ ОРГАНИЗАЦИИ - ВТОРИЧНАЯ ОТВЕТСТВЕННОСТЬ
Код отношения Прочие
Начальный элемент ввода "La sapienza", римский университет
Системный номер авторитетной/нормативной записи 573516
Идентификатор авторитетной/нормативной записи RU\NLR\AUTH\8810037394
942 ## - ДОПОЛНИТЕЛЬНЫЕ ЭЛЕМЕНТЫ ЗАПИСИ (АБИС)
Тип экземпляра АБИС Книга
980 ## - КОЛЛЕКЦИЯ
Название коллекции НБР

Нет доступных экземпляров.